Score 0/12 Timer 01:00
0 Plays Today
% Correct
Started
97.3%
President
96.7%
Love
96.3%
What
96.1%
Knew
96.1%
Me
95.4%
Home
95.1%
Glass
94.6%
Reason
94.1%
Portrait
93.5%
Pill
85.8%
Us
80.3%

Today's Daily Dose

Word Ladder
Manners?

Quick Pick
Bat and Ball

Get the Picture
Disney Villains VI

You're not logged in!

Compare scores with friends on all Sporcle quizzes.
OR
Log In

Sporcle TV

Today on Sporcle TV


Watch our educational content, quiz creation guides, and fun videos on Sporcle TV.

Show Comments

Extras

Top Quizzes Today


Score Distribution

Paid Content

Your Account Isn't Verified!

In order to create a playlist on Sporcle, you need to verify the email address you used during registration. Go to your Sporcle Settings to finish the process.

Report this User

Report this user for behavior that violates our Community Guidelines.

Details: